01399nam a2200253 i 4500003000900000005001700009006001900026007000300045008004100048020001800089040003000107082001400137100003000151245007400181264003100255300005300286336002600339337003200365338002800397504003200425505060400457710005601061710002801117DO-SdBNP20260321073645.0a||||gr|||| 00| 0 ta230504e2010 dr ac||gr|||| 00| 0 spa d a9789945873580 aDO-SdBNPbspacBNPHUerda 4222bB742i1 a Bosch, Juan, d1909-2001 aIdeario:b100 ideas en los cien años de su natalicio. /cJuan Bosch31aSanto Domingo :bMJ,c2010 a39 páginas :bilustraciones, retrato ;c20 cm. 2rdacontenatextobtxt 2rdamediaasin mediciónbn 2rdacarrieravolumenbnc aBibliografía: página 39 aJuan Bosch: vida de servicio y de esperanza.tLa historia y el futuro de los pueblos.--tLa verdad, el valor y la lucha.--tLa virtud, el deber y los hechos.--tLa educación y la formación de la conciencia.--tEl trabajo, la disciplina y la mística.--tEl amor como fuerza creadora.--tEl escritor, la cultura y la humanidad.--tLa patria y los patriotas.--tDemocracia y bien común.--tPoder ciudadano.--tTiranía y mal gobierno.--tLíderes, héroes y lucha política.--tEl partido político.--tLa revolución social.--tFuentes utilizadas.--tReseña biográfica de Juan Bosch.2 aMinisterio de la Juventud (República Dominicana).2 a Fundación Juan Bosch